The Cambridge history of Latin America

Αποθηκεύτηκε σε:
Λεπτομέρειες βιβλιογραφικής εγγραφής
Άλλοι συγγραφείς: Bethell, Leslie (edtf)
Μορφή: Βιβλίο
Γλώσσα:English
Δημοσίευση: Cambridge : Cambridge University Press, 1984-2008.
Θέματα:
Ετικέτες: Προσθήκη ετικέτας
Δεν υπάρχουν, Καταχωρήστε ετικέτα πρώτοι!

MARC

LEADER 00000cam a2200000 i 4500
001 1/789
008 000413s19842008enk| ||| |||| ||eng||
020 |a 0521232236   |q (τ. 1)  
020 |a 9780521395243   |q (τ. 9)  
035 |l 10059783 
035 |l 10118596 
040 |a GR-MyUa  |b gre  |e AACR2 
041 0 |a eng 
082 7 |a 980   |2 (22) 
245 0 4 |a The Cambridge history of Latin America /   |c edited by Leslie Bethell. 
260 |a Cambridge :   |b Cambridge University Press,   |c 1984-2008.  
300 |a 11 τ. σε 12 :   |b χάρτες ;   |c 24 εκ. 
504 |a Περιλαμβάνει βιβλιογραφικές παραπομπές και ευρετήριο.  
505 8 |a Τ. 1. Colonial Latin America -- τ. 9. Brazil since 1930. 
651 0 |a Latin America  |x History. 
700 1 |a Bethell, Leslie,  |e edtf 
852 |a INST  |b LESVOS  |e 20220704  |h 980 CAM  |p 005100020514  |q 005100020514  |t BK  |v τομ.1:  |y 0 
852 |a INST  |b LESVOS  |e 20220704  |h 980 CAM  |p 005100054345  |q 005100054345  |t BK  |v τομ.9:  |y 0 
853 |a INST  |b LESVOS  |h 980 CAM 
901 |a BIBL1-2000-1 
901 |a BIBL1-2014-2 
922 |a 1ΕΛΗ  |b 201406  |c ΤΓ  |d ΔΙΑΔΡΟΜΕΣ 
970 |a ΑΙΒΑΤΖΙΔΟΥ  |b ΕΛΕΝΗ  |z 2000/04/13